000
00220nam a2200109Ia 4500
100
_a
Stevenson/R/L
650
_a
Novel
942
_c
BK
245
_a
Treasure Island
260
_b
Macmillon & co
_c
2001
546
_a
ENGLISH
999
_c
18542
_d
18542